Statistics for Closest Countries to Botswana

Click here to take the quiz!

General Stats

  • This quiz has been taken 37 times
  • The average score is 24 of 26

Answer Stats

(km)Answer(miles)% Correct
0South Africa0
100%
0Zimbabwe0
97%
0Namibia0
97%
0Zambia0
97%
32Angola20
97%
202Mozambique125
97%
421Lesotho261
97%
2,524Somalia1,568
97%
633D.R. Congo393
97%
2,081Kenya1,293
97%
1,558Burundi968
97%
1,897Uganda1,178
94%
1,732Rwanda1,076
94%
1,644Congo1,022
94%
1,427Madagascar887
91%
835Malawi519
91%
467Eswatini290
91%
1,874Comoros1,165
89%
1,250Tanzania777
89%
2,767Ethiopia1,719
89%
1,922Gabon1,194
86%
2,322Cameroon1,443
86%
2,453South Sudan1,524
83%
2,383Central African Republic1,481
80%
2,399Equatorial Guinea1,490
80%
2,574Sao Tome and Principe1,599
80%

Score Distribution

Percentile by Number Answered

Percent of People with Each Score

Your Score History

You have not taken this quiz